Loading...
| Science - Biology | 1 | 6 | 1 | 2 | 70 | 47 | 99.86 | 0 | 2 | 10.75 | 28.66 |
| Beliefs | 0 | 3 | 0 | 0 | 30 | 97 | 105.00 | 0 | 1 | 3.33 | 7.61 |
| Science - Other | 0 | 2 | 0 | 0 | 20 | 89 | 97.50 | 0 | 0 | 3.24 | 6.02 |
| History - American | 0 | 2 | 0 | 1 | 20 | 84 | 107.50 | 0 | 0 | 2.82 | 3.14 |
| Social Science | 0 | 2 | 1 | 1 | 15 | 110 | 118.50 | 0 | 0 | 0.85 | 2.79 |
| History - European | 0 | 2 | 1 | 0 | 15 | 104 | 105.50 | 0 | 0 | 3.32 | 5.71 |
| Literature - World | 1 | 0 | 0 | 0 | 15 | 63 | 63.00 | 1 | 1 | 4.02 | 7.14 |
| Science - Chemistry | 0 | 1 | 0 | 0 | 10 | 130 | 130.00 | 0 | 0 | 0.05 | 4.17 |
| History - Ancient | 0 | 1 | 0 | 0 | 10 | 138 | 138.00 | 0 | 0 | 0.54 | 4.04 |
| History - World | 0 | 0 | 0 | 0 | 0 | 0.00 | 0 | 0 | 0.00 | 0.00 |